[Event "Beersheba-St Petersburg"]
[Site "Beersheba"]
[Date "1998.??.??"]
[Round "12"]
[White "Yemelin, Vasily"]
[Black "Greenfeld, Alon"]
[Result "1/2-1/2"]
[WhiteElo "2485"]
[BlackElo "2530"]

1.e4 c5 2.Nf3 d6 3.d4 cxd4 4.Nxd4 Nf6 5.Nc3 Nc6 6.Bg5 e6 7.Qd2 Be7 8.O-O-O O-O
9.f4 Nxd4 10.Qxd4 Qa5 11.Bc4 Bd7 12.e5 dxe5 13.fxe5 Bc6 14.Bd2 Nd7 15.Nd5 Qd8
16.Nxe7+ Qxe7 17.Rhe1 Rfd8 18.Qg4 Nf8 19.Bd3 Rxd3 20.cxd3 Qd8 21.Bb4 Ng6
22.Rd2 Qd5 23.Qc4 Qd7 24.Bd6 Bd5 25.Qd4 Bxa2 26.Rc2 Bd5 27.Kb1 Bc6 28.Rf1 Ne7
29.g4 Nc8 30.Bc5 Qxd4 31.Bxd4 Ne7 32.Bc5 Ng6 33.Bd6 Rd8 34.b4 f6 35.Rxc6 bxc6
36.d4 Rd7 37.Rc1 Ne7 38.Bxe7 Rxe7 39.Rxc6 Rd7 40.exf6  1/2-1/2

[Event "JUG-ch53"]
[Site "Belgrade "]
[Date "1998.??.??"]
[Round "1"]
[White "Pavlovic, Milos2"]
[Black "Knezevic, Bojan"]
[Result "0-1"]
[WhiteElo "2190"]
[BlackElo "2420"]

1.e4 c5 2.Nf3 Nc6 3.d4 cxd4 4.Nxd4 Nf6 5.Nc3 d6 6.Bg5 e6 7.Qd2 Qb6 8.Nb3 Be7
9.O-O-O O-O 10.f3 Rd8 11.Kb1 Qc7 12.Bf4 a6 13.g4 Ne5 14.g5 Nfd7 15.Qg2 b5
16.h4 Bb7 17.a3 Rac8 18.Qf2 Nb6 19.Na5 Ba8 20.Be3 Rb8 21.Bd4 Na4 22.Nxa4 bxa4
23.Bxe5 Qxa5 24.Bf4 Qc3 25.Bc1 Qxa3 26.Bc4 d5 27.exd5 exd5 28.Ba2 Bc5 29.Qg3 Qb4
30.Rd3 a3 31.Rb3 Bd6 32.Rxb4 Bxg3 33.bxa3 a5 34.Rb3 a4 35.Rb4 Bd6 36.Bd2 d4
37.Rf1 Bxb4 38.Bxb4 d3 39.Kc1 Rbc8  0-1

[Event "Berliner Sommer 16th"]
[Site "Berlin"]
[Date "1998.??.??"]
[Round "2"]
[White "Reichenbach, Werner"]
[Black "Kuzmin, Gennadi P"]
[Result "1-0"]
[WhiteElo "2280"]
[BlackElo "2560"]

1.e4 c5 2.Nf3 d6 3.d4 cxd4 4.Nxd4 Nf6 5.Nc3 Nc6 6.Bg5 h6 7.Bxf6 gxf6 8.Bc4 Qb6
9.Ndb5 a6 10.Nd5 Qa5+ 11.b4 Nxb4 12.Nbc7+ Kd8 13.Nxa8 Nxd5+ 14.Qd2 Nb4 15.O-O Qc5
16.Rab1 Nc6 17.Nb6 Ne5 18.Be2 Be6 19.Nd5 Bc8 20.Rb3 h5 21.Rd1 Bh6 22.Qe1 Nc6
23.Rc3 Qa5 24.f4 e6 25.Qh4 Bg5 26.fxg5 exd5 27.Qg3 Qb6+ 28.Kh1 Ne5 29.Qf4 f5
30.Rxd5 Bd7 31.exf5 Re8 32.Rd1 a5 33.h3 Qb4 34.Qd2 Bc6 35.Qxd6+ Qxd6 36.Rxd6+ Kc7
37.Rd5 Kb6 38.Rd6 h4 39.Kg1 Rg8 40.Re3 Kc5 41.Rd2 Nc4 42.Bxc4 Kxc4 43.g4 Rxg5
44.Rd6 Rg8 45.Kf2 a4 46.a3 Rc8 47.Rdd3 Kc5 48.Rc3+ Kd4 49.Ke1 Rf8 50.Rcd3+ Kc5
51.Kd2 Bb5 52.Re5+ Kc6 53.Rc3+ Kb6 54.Rce3 Rd8+ 55.Kc3 Bc6 56.Re7 Bd5 57.Rd3 Rc8+
58.Kb2 Bc4 59.Rc3 Rc5 60.Rxc4 Rxc4 61.Rxf7  1-0

[Event "Berliner Sommer 16th"]
[Site "Berlin"]
[Date "1998.??.??"]
[Round "8"]
[White "Lobzhanidze, Davit"]
[Black "Lerner, Konstantin Z"]
[Result "1-0"]
[WhiteElo "2455"]
[BlackElo "2580"]

1.e4 c5 2.Nf3 d6 3.d4 cxd4 4.Nxd4 Nf6 5.Nc3 Nc6 6.Bg5 e6 7.Qd2 a6 8.O-O-O h6
9.Be3 Bd7 10.f3 b5 11.Nxc6 Bxc6 12.Qf2 Qc7 13.Kb1 Be7 14.Bd3 Nd7 15.Bd4 Bf6
16.Bxf6 Nxf6 17.h4 h5 18.Qg3 Kf8 19.Rd2 e5 20.Re1 Re8 21.Bf1 Rh6 22.Qf2 Bb7
23.a3 Nd7 24.Nd1 Rf6 25.Qe2 Nb6 26.Ne3 Rc8 27.Red1 Qc5 28.Rd3 Qc7 29.Qd2 Rd8
30.Nf5 Bc8 31.Nxd6 Be6 32.Nxb5 Rxd3 33.Nxc7 Rxd2 34.Nxe6+ Rxe6 35.Rxd2 a5  1-0

[Event "Besancon op"]
[Site "Besancon"]
[Date "1998.??.??"]
[Round "?"]
[White "Berend, Elvira S"]
[Black "Bauer, Christian"]
[Result "1/2-1/2"]
[WhiteElo "2355"]
[BlackElo "2490"]

1.e4 c5 2.Nf3 Nc6 3.d4 cxd4 4.Nxd4 Nf6 5.Nc3 d6 6.Bg5 e6 7.Qd2 a6 8.O-O-O Bd7
9.f4 b5 10.Nxc6 Bxc6 11.Qe1 Be7 12.Bxf6 gxf6 13.Bd3 b4 14.Ne2 Qb6 15.Kb1 a5
16.f5 e5 17.Nc1 a4 18.Bc4 a3 19.b3 Rg8 20.Qe2 Ra5 21.Rd2 Qb7 22.Re1 Bf8 23.g3 Rg5
24.Rdd1 h5 25.Nd3 Be7 26.Qe3 Bxe4 27.Qxe4 Qxe4 28.Rxe4 d5 29.Bxd5 Rxd5 30.Rf1 Rg4
31.Nf2 Rg5 32.Nd3 Rg4 33.Nf2 Rxe4 34.Nxe4 Rd4 35.Re1 Kf8 36.c3 bxc3 37.Kc2 Bb4
38.Re3 Ke7 39.Re2 Rd8 40.Re3 Rg8 41.Kd3 Rd8+ 42.Kc2 Ba5 43.Rd3 Rc8 44.h3 Rb8
45.Re3 Bb4  1/2-1/2

[Event "Besancon"]
[Site "Besancon"]
[Date "1998.??.??"]
[Round "1"]
[White "Sermier, Guillaume"]
[Black "Roser, Kevin"]
[Result "1/2-1/2"]
[WhiteElo "2330"]
[BlackElo "2255"]

1.e4 c5 2.Nf3 Nc6 3.d4 cxd4 4.Nxd4 Nf6 5.Nc3 d6 6.Bg5 e6 7.Qd2 Be7 8.O-O-O O-O
9.f4 h6 10.Bh4 e5 11.Nxc6 bxc6 12.fxe5 dxe5 13.Qxd8 Rxd8 14.Rxd8+ Bxd8 15.Bc4 Bd7
16.Re1 Be8 17.Na4 Kf8  1/2-1/2

[Event "Besancon"]
[Site "Besancon"]
[Date "1998.??.??"]
[Round "3"]
[White "Sermier, Guillaume"]
[Black "Vincent, Damien"]
[Result "1/2-1/2"]
[WhiteElo "2330"]
[BlackElo "2120"]

1.e4 c5 2.Nf3 d6 3.d4 cxd4 4.Nxd4 Nf6 5.Nc3 Nc6 6.Bg5 e6 7.Qd2 a6 8.O-O-O h6
9.Bf4 Bd7 10.Nxc6 Bxc6 11.f3 d5 12.Qe1 Bb4 13.a3 Ba5 14.b4 Bb6 15.exd5 Bxd5
16.Nxd5 Nxd5 17.Qg3 O-O 18.c4 Qc8 19.Bxh6 Be3+ 20.Kb1 Bxh6 21.cxd5 exd5 22.Qe5  1/2-1/2

[Event "Biel op"]
[Site "Biel"]
[Date "1998.??.??"]
[Round "4"]
[White "Koeller, Oliver"]
[Black "Joksic, Sinisa"]
[Result "1/2-1/2"]
[WhiteElo "2295"]
[BlackElo "2335"]

1.e4 c5 2.Nf3 Nc6 3.d4 cxd4 4.Nxd4 Nf6 5.Nc3 d6 6.Bg5 e6 7.Qd2 a6 8.O-O-O Bd7
9.f3 Qc7 10.Nb3 Na5 11.Kb1 Nxb3 12.axb3 b5 13.Bd3 Bc6 14.h4 h6 15.Be3 Qb7
16.Rhe1 Be7 17.Bd4 a5 18.Qe2 e5 19.Be3 Rb8 20.g4 Nd7 21.g5 hxg5 22.hxg5 Nc5
23.Rh1 Rxh1 24.Rxh1 Ne6 25.Rh8+ Kd7 26.Rxb8 Qxb8 27.g6 fxg6 28.Bxb5 Bxb5
29.Nxb5  1/2-1/2

[Event "Biel op"]
[Site "Biel"]
[Date "1998.??.??"]
[Round "10"]
[White "Bohnenblust, Simon"]
[Black "Balenovic, Zvonimir"]
[Result "0-1"]
[WhiteElo "2140"]
[BlackElo "2295"]

1.e4 c5 2.Nf3 Nc6 3.d4 cxd4 4.Nxd4 Nf6 5.Nc3 d6 6.Bg5 e6 7.Qd2 h6 8.Bxf6 gxf6
9.O-O-O a6 10.Kb1 Bd7 11.f4 Qc7 12.Be2 h5 13.Bf3 O-O-O 14.Nxc6 Bxc6 15.Qd4 Be7
16.f5 Kb8 17.Qc4 Bd7 18.Qb3 Rc8 19.Be2 Ka8 20.Rd4 Qa5 21.Na4 b5 22.Nc3 d5
23.fxe6 fxe6 24.exd5 e5 25.Rh4 f5 26.Rxh5 Rxh5 27.Bxh5 Bd6 28.Bd1 b4 29.Ne2 e4
30.c4 bxc3 31.Nxc3 Be5 32.Ka1 Bxc3 33.bxc3 Rxc3 34.Qb2 Qc5 35.Bb3 Bb5 36.d6 Rd3
37.Rc1 Qxd6 38.Qh8+ Ka7 39.Qg7+ Kb6 40.Rc8 Rxb3  0-1

[Event "SLO-HUN mJ"]
[Site "Bled"]
[Date "1998.??.??"]
[Round "2"]
[White "Gomboc, Miha"]
[Black "Nagy, Andras"]
[Result "0-1"]
[WhiteElo "2075"]
[BlackElo "2195"]

1.e4 c5 2.Nf3 Nc6 3.d4 cxd4 4.Nxd4 Nf6 5.Nc3 d6 6.Bg5 e6 7.Qd2 a6 8.O-O-O h6
9.Bf4 Bd7 10.Nxc6 Bxc6 11.f3 d5 12.Qe1 Bb4 13.a3 Ba5 14.b4 Bb6 15.Be5 O-O
16.Qh4 Be3+ 17.Kb2 Bg5 18.Qf2 Nd7 19.Bd6 Re8 20.f4 Bh4 21.Qe3 dxe4 22.Nxe4 Nf6
23.Nxf6+ Bxf6+ 24.Kb1 Rc8 25.Bd3 Bd5 26.Bc5 Qc7 27.c4 Bc6 28.Rhg1 Ba4 29.Rd2 g6
30.h4 e5 31.f5 e4 32.Be2 Qe5 33.Bd4 Qxf5 34.Rf1 Bxd4 35.Rxd4 Qe5 36.Rd5 Qg7
37.h5 Bc6 38.Rd2 g5 39.c5 Rcd8 40.Bc4 Rxd2 41.Bxf7+ Qxf7 42.Rxf7 Rd1+ 43.Kb2 Kxf7
44.Qf2+ Ke7 45.Qf5 Kd8  0-1

[Event "Bled op"]
[Site "Bled"]
[Date "1998.??.??"]
[Round "7"]
[White "Delchev, Aleksander"]
[Black "Kutuzovic, Branko"]
[Result "1/2-1/2"]
[WhiteElo "2545"]
[BlackElo "2425"]

1.e4 c5 2.Nf3 d6 3.d4 cxd4 4.Nxd4 Nf6 5.Nc3 Nc6 6.Bg5 e6 7.Qd2 a6 8.O-O-O Bd7
9.f4 b5 10.Nxc6 Bxc6 11.Bd3 Be7 12.e5 dxe5 13.fxe5 Nd7 14.Bxe7 Qxe7 15.Be4 Qc5
16.Rhe1 Rc8 17.Re2 Rc7 18.Bxc6 Qxc6 19.Qd6 Qxd6 20.exd6 Rc6 21.a4 bxa4 22.Nxa4 e5
23.Re3  1/2-1/2

[Event "Cupa Dinamo"]
[Site "Brasov"]
[Date "1998.??.??"]
[Round "5"]
[White "Moldovan, Daniel"]
[Black "Nevednichy, Vladislav"]
[Result "1/2-1/2"]
[WhiteElo "2420"]
[BlackElo "2550"]

1.e4 c5 2.Nf3 d6 3.d4 cxd4 4.Nxd4 Nf6 5.Nc3 Nc6 6.Bg5 e6 7.Qd2 a6 8.O-O-O h6
9.Bf4 Bd7 10.Nxc6 Bxc6 11.f3 d5 12.Qe1 Bb4 13.a3 Ba5 14.Bd2 Rc8 15.exd5 Nxd5
16.Nxd5 Bxd2+ 17.Rxd2 Bxd5 18.Bd3 O-O 19.Be4 Bxe4 20.Qxe4 Qe7 21.Rhd1 Rc7
22.Kb1 Rfc8 23.c3 g6 24.Rd6  1/2-1/2

[Event "Bucharest Fest GM"]
[Site "Bucharest"]
[Date "1998.??.??"]
[Round "?"]
[White "Moldovan, Daniel"]
[Black "Vukovic, Zdravko"]
[Result "1/2-1/2"]
[WhiteElo "2455"]
[BlackElo "2425"]

1.e4 c5 2.Nf3 Nc6 3.d4 cxd4 4.Nxd4 Nf6 5.Nc3 d6 6.Bg5 e6 7.Qd2 Be7 8.O-O-O Nxd4
9.Qxd4 a6 10.f4 b5 11.Bxf6 gxf6 12.Kb1 Qc7 13.f5 Qc5 14.Qd2 Bd7 15.Bd3 a5
16.Ne2 b4 17.b3 Qe5 18.Nf4 a4 19.Bc4 axb3 20.Bxb3 Ba4 21.Rhe1 Bxb3 22.cxb3 O-O
23.Nd3 Qa5 24.Re2 d5 25.Qf4 dxe4 26.Qxe4 e5 27.Nc1 Rfd8 28.Red2 Rdc8 29.Rc2 Rd8
30.Rxd8+ Rxd8 31.Qg4+ Kh8 32.Qh5 Qa6 33.Rc4 Rf8 34.Qh4 Qd6 35.Rxb4 Qd2 36.Rc4 Ba3  1/2-1/2

[Event "Bucharest Fest IM"]
[Site "Bucharest"]
[Date "1998.??.??"]
[Round "?"]
[White "Popescu, Cristian"]
[Black "Podgorski, S."]
[Result "1/2-1/2"]
[WhiteElo "2300"]
[BlackElo "2305"]

1.e4 c5 2.Nf3 Nc6 3.d4 cxd4 4.Nxd4 Nf6 5.Nc3 d6 6.Bg5 e6 7.Qd2 a6 8.O-O-O Bd7
9.f4 Rc8 10.Nf3 Qc7 11.Bd3 Nb4 12.Kb1 Nxd3 13.cxd3 Be7 14.e5 Ng8 15.Bxe7 Nxe7
16.Ne4 dxe5 17.fxe5 O-O 18.Qg5 Ng6 19.h4 Bc6 20.Nd6 Rcd8 21.d4 Bd5 22.Qe3 Ne7
23.Rc1 Nc6 24.Nd2 f6 25.N2e4 fxe5 26.dxe5 Qa5 27.Nc3 Nxe5 28.Nxd5 Rxd6 29.Rc5 Qd8
30.Rc8 Qd7 31.Rc7 Qd8 32.Rc8 Qd7 33.Rc7  1/2-1/2

[Event "Ciocaltea mem"]
[Site "Bucharest"]
[Date "1998.??.??"]
[Round "9"]
[White "Iordachescu, Viorel"]
[Black "Kiselev, Sergey"]
[Result "1/2-1/2"]
[WhiteElo "2520"]
[BlackElo "2510"]

1.e4 c5 2.Nf3 Nc6 3.d4 cxd4 4.Nxd4 Nf6 5.Nc3 d6 6.Bg5 e6 7.Qd2 a6 8.O-O-O Nxd4
9.Qxd4 Be7 10.Bc4 Qc7 11.Rhe1 O-O 12.Bb3 b5 13.f4 Rb8 14.Kb1 a5 15.e5 dxe5
16.fxe5 Ne8 17.Bxe7 Qxe7 18.a4 bxa4 19.Nxa4 Rb4 20.Qc5 Qxc5 21.Nxc5 Rb5 22.Nd7 Bxd7
23.Rxd7 Rc5 24.Re3 Nc7 25.Rc3 Rxc3 26.bxc3 Rc8 27.c4 g5 28.Kb2 Kg7 29.Kc3 a4
30.Bxa4 Nd5+ 31.Kb3 Ne3 32.Rd4 h5 33.g3 Ng4 34.Kb4 Nxh2 35.c5 Nf3 36.Re4 Kg6
37.Re3 g4 38.c3 Kf5 39.Bc2+ Kg5 40.Bd1 Nd2 41.Kb5 Rb8+ 42.Ka6 Rc8 43.Kb5 Rb8+
44.Ka6 Rc8  1/2-1/2

[Event "Budapest Nyar-A"]
[Site "Budapest"]
[Date "1998.??.??"]
[Round "3"]
[White "Gyimesi, Zoltan"]
[Black "Gonzalez Garcia, Jose"]
[Result "1/2-1/2"]
[WhiteElo "2525"]
[BlackElo "2445"]

1.e4 c5 2.Nf3 d6 3.d4 cxd4 4.Nxd4 Nf6 5.Nc3 Nc6 6.Bg5 e6 7.Qd2 Be7 8.O-O-O Nxd4
9.Qxd4 a6 10.f4 b5 11.Bxf6 gxf6 12.e5 d5 13.Kb1 Rg8 14.h3 Bb7 15.f5 fxe5
16.Qxe5 Qd6 17.Qe1 O-O-O 18.fxe6 fxe6 19.Be2 Rxg2 20.Bg4 Kb8 21.Bxe6 d4 22.Bb3 Qc7
23.Ne2 Bf3 24.Nf4 Qxf4 25.Qxe7 Qd6 26.Rde1 Qxe7 27.Rxe7 Rg3 28.Rhe1 Rxh3
29.a4 bxa4 30.Bc4 Rh1 31.Rxh1 Bxh1 32.Rxh7 Bb7 33.Bd3 a5 34.Ka2 Bc6 35.Ka3 Rd7
36.Rh5 Kc7 37.Rxa5 Kd6 38.Rg5 Rd8 39.Kb4 Rb8+ 40.Bb5 Bxb5 41.Rxb5 Rc8 42.c4 dxc3
43.bxc3 Ra8 44.Ka3 Kc6 45.Rb4 Kc5 46.Rxa4 Rxa4+ 47.Kxa4 Kc4 48.Ka5 Kxc3  1/2-1/2

[Event "Budapest Nyar-A"]
[Site "Budapest"]
[Date "1998.??.??"]
[Round "5"]
[White "Karatorossian, David"]
[Black "Cao Sang"]
[Result "1/2-1/2"]
[WhiteElo "2395"]
[BlackElo "2495"]

1.e4 c5 2.Nf3 Nc6 3.d4 cxd4 4.Nxd4 Nf6 5.Nc3 d6 6.Bg5 e6 7.Qd2 a6 8.O-O-O h6
9.Bf4 Bd7 10.Nxc6 Bxc6 11.f3 d5 12.Qe1 Bb4 13.a3 Ba5 14.Bd2 d4 15.e5 Qc7
16.exf6 dxc3 17.Bxc3 Bxc3 18.Qxc3 Qf4+ 19.Kb1 Qxf6 20.Qb4 Qe7 21.Qb6 O-O
22.Be2 Rfd8 23.g3 Qf6 24.Qe3 Rac8 25.Rxd8+ Rxd8 26.Rd1 Rxd1+ 27.Bxd1 Qf5
28.Be2  1/2-1/2

[Event "Budapest Nyar-A"]
[Site "Budapest"]
[Date "1998.??.??"]
[Round "6"]
[White "Varga, Zoltan"]
[Black "Cao Sang"]
[Result "1-0"]
[WhiteElo "2565"]
[BlackElo "2495"]

1.e4 c5 2.Nf3 Nc6 3.d4 cxd4 4.Nxd4 Nf6 5.Nc3 d6 6.Bg5 e6 7.Qd2 a6 8.O-O-O h6
9.Be3 Bd7 10.f3 b5 11.Kb1 Ne5 12.Bd3 Qc7 13.g4 b4 14.Nce2 d5 15.Bf4 dxe4
16.Bxe4 Nxe4 17.fxe4 f6 18.h4 O-O-O 19.Bxe5 fxe5 20.Nf3 Bc5 21.Nc1 Rhf8 22.Qe2 Bb5
23.Nd3 Rf7 24.Qg2 Rfd7 25.g5 Kb8 26.gxh6 gxh6 27.Qd2 Ka7 28.Rhf1 Ba4 29.Qe2 Bd6
30.Rd2 Bc6 31.Rfd1 Qb6 32.b3 Kb7 33.Nb2 Be7 34.Rxd7+ Rxd7 35.Rxd7+ Bxd7 36.Qd2 Bc6
37.Qe2 a5 38.Nd3 Bb5 39.Qd2 Bc6 40.Qe1 Qb5 41.Qe3 Qb6 42.Qe1 Qb5 43.h5 Bd6
44.Nd2 Qb6 45.Nc4 Qc7 46.Qe3 Bb5 47.Qxh6 Bxc4 48.bxc4 Qxc4 49.Qg7+ Kc6 50.h6 a4
51.h7 b3 52.axb3 axb3 53.Qg2 Qa6 54.cxb3  1-0

[Event "Budapest Nyar-A"]
[Site "Budapest"]
[Date "1998.??.??"]
[Round "7"]
[White "Cao Sang"]
[Black "Gonzalez Garcia, Jose"]
[Result "1/2-1/2"]
[WhiteElo "2495"]
[BlackElo "2445"]

1.e4 c5 2.Nf3 d6 3.d4 cxd4 4.Nxd4 Nf6 5.Nc3 Nc6 6.Bg5 e6 7.Qd2 Be7 8.O-O-O Nxd4
9.Qxd4 a6 10.Bxf6 gxf6 11.f4 b5 12.Be2 Qc7 13.Kb1 Qc5 14.a4 bxa4 15.Qxc5 dxc5
16.Nxa4 Bb7 17.Nc3 Bc6 18.f5 Rg8 19.Bc4 exf5 20.exf5 Rxg2 21.Bd5 Bxd5 22.Nxd5 Rd8
23.Rhe1 Kf8 24.Re4 Rf2 25.Rd3 c4 26.Rxc4 Rxf5 27.Nxe7 Rf1+ 28.Ka2 Rxd3 29.cxd3 Kxe7
30.Kb3 Rf3 31.Kc3 Rh3 32.Ra4 Rxh2 33.Rxa6 h5 34.b4 h4 35.Ra1 h3 36.b5 Rg2
37.b6 h2 38.b7 Rg8 39.Rh1 Rb8 40.Rxh2 Rxb7  1/2-1/2

[Event "Budapest Nyar-A"]
[Site "Budapest"]
[Date "1998.??.??"]
[Round "8"]
[White "Tolnai, Tibor"]
[Black "Cao Sang"]
[Result "0-1"]
[WhiteElo "2560"]
[BlackElo "2495"]

1.e4 c5 2.Nf3 Nc6 3.d4 cxd4 4.Nxd4 Nf6 5.Nc3 d6 6.Bg5 e6 7.Qd3 a6 8.O-O-O Bd7
9.Be2 Be7 10.f4 Qc7 11.Bf3 Rc8 12.Kb1 h6 13.Bh4 Nb4 14.Qd2 O-O 15.Nb3 Rfd8
16.a3 Nc6 17.Bxf6 gxf6 18.Qe1 Bf8 19.Ne2 Na7 20.Rd2 Ba4 21.f5 Bxb3 22.cxb3 e5
23.Nc3 d5 24.Nxd5 Rxd5 25.exd5 Nb5 26.Qg3+ Kh7 27.Rhd1 Bxa3 28.Be2 Bb4 29.Bxb5 Bxd2
30.Bc4 Bb4 31.d6 Bxd6 32.Bxf7 Qxf7 33.Rxd6 Rc6 34.Rd8 a5 35.Qd3 Rc7 36.g4 Re7
37.h3 e4 38.Qe3 Re5 39.Qd4 e3 40.Rd7 Re7  0-1

[Event "Golden Cleopatra"]
[Site "Cairo"]
[Date "1998.??.??"]
[Round "4"]
[White "Cherevatenko, Roman"]
[Black "Mohamed, Esam Ahmed Nagib"]
[Result "1/2-1/2"]
[WhiteElo "2385"]
[BlackElo "2485"]

1.e4 c5 2.Nf3 d6 3.d4 cxd4 4.Nxd4 Nf6 5.Nc3 Nc6 6.Bg5 e6 7.Qd2 Be7 8.O-O-O O-O
9.f4 h6 10.Bh4 e5 11.Nf5 Bxf5 12.exf5 Rc8 13.Kb1 a6 14.g4 exf4 15.Qxf4 Ne5
16.Bxf6 Bxf6 17.Nd5 Bg5 18.Qb4 b5 19.Be2 Nc4 20.Bxc4 Rxc4 21.Qa3 a5 22.h3 Rc5
23.Rhf1 b4 24.Qd3 Re8 25.f6 Bxf6 26.Nxf6+ gxf6 27.Qd4 Ree5 28.Qd2 Kg7 29.Qxd6 Qxd6
30.Rxd6 f5 31.Rd2 fxg4 32.hxg4 Rc4 33.b3 Rxg4 34.Rd7 Kg6 35.Rfxf7 h5 36.Rh7 Kg5
37.Rdf7 Rf4 38.Rfg7+ Kf6 39.Rg8 Re1+ 40.Kb2 Rff1 41.Rf8+ Kg6 42.Rxf1 Rxf1
43.Rh8 Rf4 44.Rg8+ Kf6 45.a3 h4 46.axb4 axb4 47.c3 Rf2+ 48.Kc1 Ke5 49.Rh8 Rh2
50.cxb4 Kd4 51.b5 Kc5 52.Rh5+ Kb6 53.b4  1/2-1/2

[Event "Cappelle op"]
[Site "Cappelle la Grande"]
[Date "1998.??.??"]
[Round "1"]
[White "Dworakowska, Joanna"]
[Black "Stefansson, Hannes"]
[Result "0-1"]
[WhiteElo "2355"]
[BlackElo "2540"]

1.e4 c5 2.Nf3 d6 3.d4 cxd4 4.Nxd4 Nf6 5.Nc3 Nc6 6.Bg5 e6 7.Qd2 a6 8.O-O-O h6
9.Be3 Be7 10.f3 Nxd4 11.Bxd4 b5 12.Kb1 Rb8 13.h4 b4 14.Ne2 e5 15.Ba7 Rb7
16.Bf2 Be6 17.Nc1 Qc7 18.g4 a5 19.Be2 Nd7 20.g5 h5 21.g6 fxg6 22.Rhg1 Bf7
23.Be3 O-O 24.Bg5 Nf6 25.Bd3 a4 26.Ne2 Rd8 27.Qe1 Rb6 28.Qg3 d5 29.Bxf6 Rxf6
30.exd5 Rxd5 31.Rdf1 b3 32.axb3 axb3 33.Nc3 Rxd3 34.cxd3 Qa5 35.Qh3 Be6 36.Qg2 Bf5
37.Rd1 Ra6 38.Kc1 Qa1+ 39.Nb1 Rc6+ 40.Kd2 Qxb2+ 41.Ke1 Bxh4+  0-1

[Event "Chemnitz op"]
[Site "Chemnitz"]
[Date "1998.??.??"]
[Round "9"]
[White "Lanka, Zigurds"]
[Black "Joachim, Sven"]
[Result "1-0"]
[WhiteElo "2525"]
[BlackElo "2420"]

1.e4 c5 2.Nf3 d6 3.d4 cxd4 4.Nxd4 Nf6 5.Nc3 Nc6 6.Bg5 e6 7.Qd2 a6 8.O-O-O Nxd4
9.Qxd4 Be7 10.f3 b5 11.h4 Qc7 12.Kb1 Rb8 13.Qd2 b4 14.Ne2 h6 15.Be3 Nd7 16.Nd4 Ne5
17.Be2 Nc4 18.Bxc4 Qxc4 19.g4 h5 20.gxh5 Rxh5 21.Bg5 f6 22.Be3 e5 23.Ne2 Be6
24.b3 Qc6 25.Ng3 Rh8 26.Qe2 Rd8 27.f4 Kd7 28.Bd2 a5 29.h5 Kc8 30.c4 exf4
31.Bxf4 Rhe8 32.h6 g6 33.h7 Rh8 34.Bc1 Rdf8 35.Rh6 Rf7 36.Rdh1 Bf8 37.Rxg6 Rhxh7
38.Rxh7 Rxh7 39.Rxf6 Qe8 40.c5 Kb7 41.c6+  1-0

[Event "CZE-ch U18"]
[Site "CZE"]
[Date "1998.??.??"]
[Round "?"]
[White "Stross, Frantisek"]
[Black "Cvek, Robert"]
[Result "0-1"]
[WhiteElo "2095"]
[BlackElo "2445"]

1.e4 c5 2.Nf3 Nc6 3.d4 cxd4 4.Nxd4 Nf6 5.Nc3 d6 6.Bg5 e6 7.Bb5 Bd7 8.Bxc6 bxc6
9.Qf3 h6 10.Bh4 e5 11.Nf5 Bxf5 12.Qxf5 Qd7 13.Qf3 Be7 14.Bxf6 Bxf6 15.O-O-O Rb8
16.Rd3 Be7 17.Rhd1 Qe6 18.h4 h5 19.Qe3 Qh6 20.g3 Qxe3+ 21.Rxe3 Kd7 22.Kb1 Ke6
23.Red3 Rhd8 24.f3 g6 25.b3 f5 26.a4 Rf8 27.Rg1 Rbd8 28.Rg2 a6 29.Kb2 Rd7
30.Kb1 d5 31.Kb2 Rb8 32.Re2 Bd8 33.Kb1 d4 34.Nd1 c5 35.Nb2 Rf7 36.Nc4 f4
37.Rg2 fxg3 38.Rxg3 Rg7 39.Rh3 Be7 40.Rd1 Rh8 41.Rdh1 g5 42.hxg5 Rxg5 43.Nb6 h4
44.Nd5 Bd8 45.Kb2 Rg7 46.f4 exf4 47.Nxf4+ Kd6 48.Nd3 Be7 49.e5+ Kd5 50.R1h2 c4
51.bxc4+ Kxc4 52.Ka2 Kd5 53.Rf3 Rhg8 54.Rfh3 Rg3 55.Kb2 Rxh3 56.Rxh3 Ke4
57.Kc1 Rh8 58.Kd2 Bg5+ 59.Kd1 Kf5 60.Ke2 Rc8 61.Rf3+ Ke4 62.Nf2+ Kxe5 63.Ng4+ Ke6
64.Kd1 Rc4 65.Nf2 Rxa4 66.Ne4 Be7 67.c3 Ke5 68.Nd2 Bg5 69.Nf1 Ke4 70.Rh3 Ra1+
71.Ke2 d3+ 72.Rxd3 Ra2+  0-1

[Event "Moravia-chT 9899"]
[Site "CZE"]
[Date "1998.??.??"]
[Round "1"]
[White "Kalod, Radek"]
[Black "Obsivac, Josef"]
[Result "0-1"]
[WhiteElo "2450"]
[BlackElo "2345"]

1.e4 c5 2.Nf3 Nc6 3.d4 cxd4 4.Nxd4 Nf6 5.Nc3 d6 6.Bg5 Bd7 7.Qd2 Rc8 8.O-O-O Nxd4
9.Qxd4 Qa5 10.f4 Rxc3 11.bxc3 e5 12.Qc4 d5 13.Rxd5 Nxd5 14.Qxd5 Qxd5 15.exd5 e4
16.Bc4 Bd6 17.Rf1 O-O 18.Be2 f5 19.Bh4 Rc8 20.Be1 Ba3+ 21.Kd2 Rc5 22.c4 Ra5
23.Kd1 Ra4 24.Bc3 Bc5 25.Kd2 Rxa2 26.h3 Ba4 27.Bd1 Bb3 28.g4 Bxc4 29.Re1 g6
30.gxf5 gxf5 31.d6 Bxd6 32.Rg1+ Kf8 33.Kc1 Bxf4+ 34.Kb1 Ra6 35.Rg2 Rb6+ 36.Ka1 Bh6
37.Bd4 Rb5 38.Be2 Bxe2 39.Rxe2 Kf7 40.c4 Rb4 41.Bxa7 Bg7+ 42.Ka2 Ra4+  0-1

[Event "Moravia-chT 9899"]
[Site "CZE"]
[Date "1998.??.??"]
[Round "3"]
[White "Civin, Tomas"]
[Black "Belunek, Vladimir"]
[Result "1-0"]
[WhiteElo "2250"]
[BlackElo "2255"]

1.e4 c5 2.Nf3 d6 3.d4 cxd4 4.Nxd4 Nf6 5.Nc3 Nc6 6.Bg5 e6 7.Qd2 a6 8.O-O-O Bd7
9.f3 Be7 10.Kb1 b5 11.h4 Ne5 12.Bd3 Qb6 13.Be3 Qb7 14.g4 Nc4 15.Bxc4 bxc4
16.Qe1 O-O 17.Bc1 Rfb8 18.Ka1 a5 19.g5 Nh5 20.a3 Ra6 21.Na2 d5 22.exd5 Qxd5
23.Nf5 Qxf5 24.Rxd7 Bxa3 25.Qc3 Bf8 26.Qxc4 Rab6 27.Rhd1 g6 28.Qe4 Ng3 29.Qxf5 Nxf5
30.Bf4 R8b7 31.Nc3 Rxb2 32.Ne4 Be7 33.Rd8+ Bf8 34.Be5 R2b4 35.Rxf8+ Kxf8
36.Rd8+  1-0

[Event "CZE-chT 9899"]
[Site "CZE"]
[Date "1998.??.??"]
[Round "3"]
[White "Prandstetter, Eduard"]
[Black "Cvek, Robert"]
[Result "0-1"]
[WhiteElo "2390"]
[BlackElo "2430"]

1.e4 c5 2.Nf3 Nc6 3.d4 cxd4 4.Nxd4 Nf6 5.Nc3 d6 6.Bg5 e6 7.Qd2 a6 8.O-O-O Be7
9.f4 Nxd4 10.Qxd4 b5 11.Bxf6 gxf6 12.f5 Qc7 13.fxe6 fxe6 14.Kb1 Qc5 15.Qd2 Bd7
16.h4 Qe5 17.Bd3 b4 18.Ne2 a5 19.Ng1 h5 20.Nf3 Qc5 21.Rhe1 Ra7 22.Qe2 a4
23.Bc4 Rc7 24.b3 a3 25.Rd3 Rg8 26.c3 Bf8 27.Qd2 bxc3 28.Rxc3 Rg6 29.Rc2 Bh6
30.Qd3 Rg7 31.Qd1 Bf4 32.Nd4 Qe5 33.Nf5 Rg4 34.Ree2 Kd8 35.Nd4 Rg3 36.Bxe6 Rxc2
37.Rxc2 Qxe4 38.Bxd7 Kxd7 39.Ne2 Rd3 40.Qh1 Rd2 41.Qh3+ Ke7 42.Qc3 Rd1+  0-1

[Event "CZE-chT2 9798"]
[Site "CZE"]
[Date "1998.??.??"]
[Round "8.2"]
[White "Vodicka, Vladimir"]
[Black "Drbohlav, Frantisek"]
[Result "1-0"]
[WhiteElo "2340"]
[BlackElo "2265"]

1.e4 c5 2.Nf3 d6 3.d4 Nf6 4.Nc3 cxd4 5.Nxd4 Nc6 6.Bg5 a6 7.Qd2 e6 8.O-O-O h6
9.Be3 Be7 10.f3 Nxd4 11.Bxd4 e5 12.Be3 Be6 13.Kb1 Qa5 14.h4 Rc8 15.a3 b5
16.g4 Rxc3 17.Qxc3 Qxc3 18.bxc3 d5 19.exd5 Nxd5 20.Bd2 Nb6 21.Re1 O-O 22.g5 Bxa3
23.gxh6 Rd8 24.Bd3 Nc4 25.Bxc4 bxc4 26.Be3 gxh6 27.Bxh6 Rd5 28.Bg5 Bf8 29.Rhg1 Kh7
30.Rd1 Rb5+ 31.Kc1 Bf5 32.Bf6 Bh6+ 33.Bg5 Bf8 34.Rg2 a5 35.Rd8 Ba3+ 36.Kd2 Rb2
37.Ke1 Rb6 38.Ra8 Bb2 39.Bd2 Rb5 40.h5 Bxc2 41.Ra6  1-0

[Event "POL-ch sf"]
[Site "Czestochowa"]
[Date "1998.??.??"]
[Round "1"]
[White "Nurkiewicz, Maciej"]
[Black "Spicak, Krzysztof"]
[Result "1-0"]
[WhiteElo "2285"]
[BlackElo "2100"]

1.e4 c5 2.Nf3 Nc6 3.d4 cxd4 4.Nxd4 Nf6 5.Nc3 d6 6.Bg5 e5 7.Ndb5 a6 8.Na3 Be7
9.Bxf6 Bxf6 10.Nc4 Be7 11.Nd5 b5 12.Ncb6 Rb8 13.Nxc8 Qxc8 14.a4 Bd8 15.axb5 axb5
16.Ne3 O-O 17.Nf5 Bc7 18.c3 Qe6 19.Qd5 Qxd5 20.exd5 g6 21.dxc6 gxf5 22.O-O-O b4
23.Ba6 bxc3 24.bxc3 Rb3 25.Kc2 Rb6 26.Bb7 Rb5 27.c4 Rc5 28.Kc3 Rb8 29.Rd5 Ra5
30.Rhd1 Ra3+ 31.Kb2 Ra6 32.Rb5 Ra4 33.Kb3 Ra7 34.c5 Rd8 35.cxd6 Rxd6 36.Rxd6 Bxd6
37.Rd5 Bc7 38.Rd7 Ba5 39.Kc4 Kg7 40.Kd5 e4 41.Ke5 Kg6 42.c7 Bxc7+ 43.Rxc7 Ra2
44.Rxf7 Rxf2 45.Rf6+ Kg5 46.Bxe4 f4 47.Bf3 Ra2 48.Rf5+ Kg6 49.Kxf4 Ra4+ 50.Be4  1-0

[Event "POL-ch sf"]
[Site "Czestochowa"]
[Date "1998.??.??"]
[Round "2"]
[White "Jakubowski, Krzysztof"]
[Black "Ehrenfeucht, Wojciech"]
[Result "1/2-1/2"]
[WhiteElo "2235"]
[BlackElo "2335"]

1.d4 c5 2.e4 cxd4 3.Nf3 Nc6 4.Nxd4 Nf6 5.Nc3 d6 6.Bg5 e6 7.Qd2 a6 8.O-O-O Bd7
9.Kb1 h6 10.Be3 Ng4 11.Nxc6 bxc6 12.Bf4 e5 13.Bg3 Be6 14.f4 exf4 15.Bxf4 Ne5
16.Bxe5 dxe5 17.Qxd8+ Rxd8 18.Rxd8+ Kxd8 19.Bxa6 Kc7 20.b3 g6 21.Rf1 f5 22.g3 Bd6
23.Ne2 Rf8 24.exf5 gxf5 25.Bd3 h5 26.c3 f4 27.gxf4 exf4 28.Nd4 Bh3 29.Rg1 Be5
30.Bf1 Bd7 31.Kc2 f3 32.Rg5 Bxh2 33.Rxh5 Bg1 34.Rh7 Kd8 35.Kd2 c5 36.Nc2 Rf6
37.Ne1 Rd6+ 38.Nd3 c4 39.bxc4 Bf5 40.Rf7 Be4 41.Rf4 Bc6 42.Rg4 Bb6 43.Kc2 Be3
44.c5 Rd5 45.c4 Rh5 46.Nb4 Ba4+ 47.Kc3 Bxc5 48.Rf4 Bd1 49.Nd5 Rh1 50.Bd3 Be2
51.Be4  1/2-1/2

[Event "Decin op-A"]
[Site "Decin"]
[Date "1998.??.??"]
[Round "6"]
[White "Virovlansky, Semen"]
[Black "Galianina, Julia"]
[Result "1-0"]
[WhiteElo "2380"]
[BlackElo "2295"]

1.e4 c5 2.Nf3 Nc6 3.d4 cxd4 4.Nxd4 Nf6 5.Nc3 d6 6.Bg5 e6 7.Qd2 a6 8.O-O-O h6
9.Be3 Qc7 10.Kb1 Bd7 11.f3 Rb8 12.g4 Ne5 13.Qg2 b5 14.Bc1 b4 15.Nce2 Nc4
16.Ng3 Nb6 17.h4 e5 18.Nb3 Be6 19.Nf5 g6 20.Nxh6 a5 21.g5 a4 22.Nd2 Bxh6
23.gxh6 Nh5 24.Bb5+ Kf8 25.Nf1 Qc5 26.Bd3 d5 27.Qg5 d4 28.f4 f6 29.Qxg6 Bf7
30.Qf5 Nc4 31.Bxc4 Qxc4 32.b3 axb3 33.axb3 Qa6 34.fxe5 Ra8 35.Bb2 Rxh6 36.e6 Bxe6
37.Qc5+ Kf7 38.Qc7+ Kf8 39.Rxd4 Qa2+ 40.Kc1 Rc8  1-0